=LDR 00000nam 2200000 4500 =001 INLIS000000000028311 =005 20130612130627 =008 ***********************************Ind** =035 ##$$0010-061300000028311 =041 ##$$a Ind =082 ##$$a 808.84 =090 ##$$a 808.84, Hak h =100 ##$$a Kasim, Ifdhal =245 ##$$a Hak ekonomi, sosial, budaya esai-esai pilihan, Ifdal Kasim =260 ##$$a 2001 $b Jakarta =300 ##$$a xxxi, 392 hlm, 21 cm =650 ##$$a Esai-Esai-Kumpulan =850 ##$$a NBPNMAT